000 00588nam a22001697a 4500
003 OSt
005 20260302100402.0
008 260302b |||||||| |||| 00| 0 eng d
040 _cMRSPTU
041 _aEnglish
100 _aArun Singla, Supervisor: Dr. Sanjiv Kumar Aggarwal
245 _aEconomizing the Rural Road Cement Concrete Pavements Using Pond Ash as Partial Replacement of Fine Aggregates
260 _bDepartment of Civil Engg. MRSPTU, Bathinda
_c2016
650 _aCivil Engineering
856 _uhttp://163.47.215.52:8080/jspui/handle/123456789/368
942 _2ddc
_cTH
_n0
999 _c11025
_d11025